| 000 | 00447nam a2200157Ia 4500 | ||
|---|---|---|---|
| 008 | 210210b2002 xxu||||| |||| 00| 0 eng d | ||
| 020 | _a81 7975 013 2 | ||
| 082 | _a302.23 JOSC | ||
| 100 | _aJOSHI (P C). | ||
| 245 | _aCommunication and national development. | ||
| 260 |
_aND _bAnamika Publishers & Distributors (P) Ltd. _c2002 |
||
| 300 | _axxxiv,444 | ||
| 650 | _aCommunication media mass media | ||
| 690 | _aCommunication | ||
| 906 | _a059911 | ||
| 999 |
_c106776 _d106776 |
||